Statistics for Shapes of Countries That Border The Pacific Ocean

Click here to take the quiz!

General Stats

  • This quiz has been taken 184 times
    (126 since last reset)
  • The average score is 35 of 45

Answer Stats

Answer% Correct
United States
99%
Australia
98%
Canada
97%
China
97%
Japan
97%
United Kingdom
97%
Chile
96%
Indonesia
95%
Philippines
95%
Vietnam
95%
France
94%
New Zealand
94%
Russia
94%
Thailand
94%
Mexico
93%
Argentina
91%
Malaysia
89%
Panama
86%
North Korea
84%
Costa Rica
79%
Taiwan
79%
Peru
78%
Colombia
76%
Nicaragua
76%
Papua New Guinea
76%
South Korea
76%
East Timor
74%
Guatemala
69%
Singapore
68%
Ecuador
67%
Solomon Islands
67%
El Salvador
65%
Fiji
64%
Brunei
62%
Nauru
62%
Samoa
59%
F.S. Micronesia
58%
Honduras
58%
Cambodia
57%
Kiribati
56%
Vanuatu
56%
Marshall Islands
54%
Palau
54%
Tonga
50%
Tuvalu
50%

Score Distribution

Percentile by Number Answered

Percent of People with Each Score

Your Score History

You have not taken this quiz since the last reset